ICER 2009 ACM proceedings workshop and international computi (Record no. 139469)
[ view plain ]
| 000 -LEADER | |
|---|---|
| fixed length control field | 00291nmm a2200097Ia 4500 |
| 008 - FIXED-LENGTH DATA ELEMENTS--GENERAL INFORMATION | |
| fixed length control field | 220120s9999||||xx |||||||||||||||||und|| |
| 020 ## - INTERNATIONAL STANDARD BOOK NUMBER | |
| International Standard Book Number | 0-07-048649-2 |
| 100 ## - MAIN ENTRY--PERSONAL NAME | |
| Personal name | ACMSIGCE-2010 |
| 9 (RLIN) | 11201 |
| 245 #0 - TITLE STATEMENT | |
| Title | ICER 2009 ACM proceedings workshop and international computi |
| 260 ## - PUBLICATION, DISTRIBUTION, ETC. | |
| Place of publication, distribution, etc. | ACM press |
| Name of publisher, distributor, etc. | New Delhi |
| Withdrawn status | Lost status | Damaged status | Not for loan | Home library | Current library | Date acquired | Barcode | Date last seen | Price effective from | Koha item type |
|---|---|---|---|---|---|---|---|---|---|---|
| Central Library | Central Library | 01/20/2022 | CD1020 | 01/20/2022 | 01/20/2022 | Compact Disc |